Les scènes avec des claques en 30 clics - Statistiques

Statistiques générales
  • Ce quiz a été pris 54 fois
  • Le résultat moyen est 16 sur 30
Statistiques - réponses
Hint Réponse % Correct
The Big Bang Theory
94%
Thor - Le monde des ténèbres
90%
Game of Thrones
88%
Spider-Man 2
81%
How I Met Your Mother
79%
Star Trek
79%
007 Spectre
73%
Les Sous-doués
73%
Friends
71%
Y'a-t-il un pilote dans l'avion ?
71%
Les Trois Frères
65%
Two Broke Girls
65%
The Boys
58%
Beverly Hills 90210
56%
Pretty Little Liars
56%
Glee
54%
La Gifle
48%
Bons Baisers de Russie
42%
Click : Télécommandez votre vie
40%
Demain ne meurt jamais
38%
Mon nom est Personne
31%
Le monde ne suffit pas
29%
Dans la chaleur de la nuit
27%
L'Homme au pistolet d'or
27%
Il était une fois (A Woman's Face)
23%
On l'appelle Trinita
23%
Rien à perdre (Nothing to Lose)
23%
Les diamants sont éternels
21%
On continue à l'appeler Trinita
17%
Une femme diabolique (Queen Bee)
17%
Aucun quiz correspondant
Distribution des résultats
% des personnes avec chaque résultat
Percentile par nombre de réponses
Votre historique - résultats
Vous n’avez pas pris ce quiz